Testo di Our Town - Cars - Statistics

Statistiche generali
  • Questo quiz è stato fatto 25 volte
  • Il punteggio medio è 97 su 176
Statistiche sulle risposte
Testo % Corretto
a
100%
to
95%
You
95%
you
95%
The
89%
the
89%
town
89%
town,
89%
do
84%
go
84%
No
84%
our
79%
it
74%
not
74%
so
74%
your
74%
can
68%
they
68%
us
68%
was
68%
what
68%
and
63%
And
63%
down
63%
in
63%
In
63%
on
63%
On
63%
Time
63%
time
63%
yes
63%
but
58%
But
58%
it's
58%
It's
58%
too
58%
up
58%
up,
58%
when
58%
by,
53%
by
53%
change
53%
did
53%
goes
53%
just
53%
Long
53%
long
53%
never
53%
see
53%
that
53%
ago,
47%
ago
47%
changes,
47%
different,
47%
don't
47%
grow,
47%
like
47%
live
47%
love
47%
Nothing
47%
nothing
47%
oh
47%
street
47%
very
47%
world
47%
all
42%
always
42%
anymore
42%
at
42%
before
42%
brings
42%
built
42%
can't
42%
settled
42%
away
37%
come
37%
Come
37%
coming
37%
done
37%
for
37%
Get
37%
isn't
37%
Lights
37%
lights
37%
made
37%
Main
37%
main
37%
need
37%
one
37%
shine
37%
watched
37%
as
32%
As
32%
brightly
32%
find
32%
gonna
32%
hard
32%
may,
32%
seems
32%
start
32%
Sun
32%
there's
32%
business
26%
comes
26%
day
26%
handle,
26%
miles
26%
million
26%
open
26%
reason
26%
shone
26%
stay
26%
Tell
26%
truth,
26%
work,
26%
anyway
21%
caves
21%
each
21%
left
21%
morning,
21%
rolls
21%
that's
16%
Nessun quiz corrispondente trovato
Distribuzione punteggi
Percentuale di utenti per punteggio
Percentile per numero di risposta
I tuoi punteggi nel tempo
Non hai fatto questo quiz